000
00197 a2200097 4500
020
_a
9780671869724
041
_a
eng
100
_a
Fitzgerald, Helen
245
1
4
_a
The Mourning Handbook
942
_c
BK
999
_c
16479
_d
16479